Engineering Teachers In The Development Of Technical Education System In India (Record no. 295994)
[ view plain ]
| 000 -LEADER | |
|---|---|
| fixed length control field | 00435nam a2200157Ia 4500 |
| 008 - FIXED-LENGTH DATA ELEMENTS--GENERAL INFORMATION | |
| fixed length control field | 230718s9999 xx 000 0 und d |
| 041 ## - LANGUAGE CODE | |
| Language code of text/sound track or separate title | eng |
| 082 ## - DEWEY DECIMAL CLASSIFICATION NUMBER | |
| Classification number | 004.6 |
| Item number | AWA |
| 100 ## - MAIN ENTRY--PERSONAL NAME | |
| Personal name | Awale S. D. |
| 9 (RLIN) | 141979 |
| 245 ## - TITLE STATEMENT | |
| Title | Engineering Teachers In The Development Of Technical Education System In India |
| 260 ## - PUBLICATION, DISTRIBUTION, ETC. (IMPRINT) | |
| Date of publication, distribution, etc. | 1996 |
| Name of publisher, distributor, etc. | Iste |
| 300 ## - PHYSICAL DESCRIPTION | |
| Extent | 162 |
| 365 ## - TRADE PRICE | |
| Currency code | Rs. |
| Price amount | 200.00 |
| 700 ## - ADDED ENTRY--PERSONAL NAME | |
| Personal name | Awale S. D. |
| 9 (RLIN) | 141979 |
| 906 ## - LOCAL DATA ELEMENT F, LDF (RLIN) | |
| d | B:03-Mar-1997 |
| c | COMP |
| Withdrawn status | Lost status | Damaged status | Not for loan | Home library | Current library | Date acquired | Vendor | Budget Code | Cost, normal purchase price | Total Checkouts | Full call number | Barcode | Date last seen | Cost, replacement price | Bill Date | Koha item type | Original Barcode |
|---|---|---|---|---|---|---|---|---|---|---|---|---|---|---|---|---|---|
| Cummins College of Engineering for Women Pune | Cummins College of Engineering for Women Pune | 15/03/1997 | Pradeep Book Distributors | COMP | 200.00 | 004.6 | CCEP-BK-7200 | 18/07/2023 | 200.00 | 03/03/1997 | Books | 007200 |